| 000 | 00471nam a2200181Ia 4500 | ||
|---|---|---|---|
| 003 | GCL | ||
| 008 | 140319s9999 xx 000 0 eng d | ||
| 040 |
_aGCL / _cGCL |
||
| 082 | 0 | 4 |
_aP _b050 _bII |
| 100 | 1 | _aINTERNATIONAL COUNCIL OF MUSEUMS | |
| 245 | 1 | 0 |
_aICOM NEWS / _cINTERNATIONAL COUNCIL OF MUSEUMS |
| 260 |
_a[S.N] : _bINTERNATIONAL COUNCIL OF MUSEUMS |
||
| 300 | _a46 | ||
| 650 | 0 | 4 | _aART |
| 650 | 0 | 4 | _aCOLLECTION |
| 650 | 0 | 4 | _aMUSEUM OF ARTS |
| 942 |
_2ddc _cCR |
||
| 999 |
_c25830 _d25830 |
||